Alex Cross Books Quiz Stats

 Plays Quiz Retired Jul 7, 2021

     
Support Sporcle.
Go Orange.
Score 0/27 Timer 05:00
0 Plays Today
Year Book % Correct
1993Along Came A Spider
81.5%
1995Kiss The Girls
71.7%
2006Cross
66.5%
2000Roses Are Red
51.2%
2001Violets Are Blue
50.3%
2009I, Alex Cross
44.4%
2007Double Cross
44.2%
1996Jack & Jill
44.2%
2008Cross Country
38.8%
1997Cat & Mouse
36.8%
2003The Big Bad Wolf
36.6%
2005London Bridges
34.5%
2006Mary Mary
34.4%
1997Pop Goes The Weasel
33%
Year Book % Correct
2019Criss Cross
32.4%
2011Kill Alex Cross
30.5%
2002Four Blind Mice
28.9%
2010Cross Fire
28.6%
2009Alex Cross's Trial
26.4%
2012Merry Christmas, Alex Cross
26.2%
2013Alex Cross, Run
23.6%
2016Cross the Line
22.8%
2017The People vs. Alex Cross
22.1%
2014Hope to Die
21.4%
2013Cross My Heart
20.8%
2015Cross Justice
18.6%
2018Target: Alex Cross
17.2%

From the Vault

Technically Correct Brand Names

by Bolafssonify

The brands that are highest guessed must just have a better advertising team.
Remove Ads.
Support Sporcle.
Get the best of Sporcle when you Go Orange. This ad-free experience offers more features, more stats, and more fun while also helping to support Sporcle. Thank you for becoming a member.

Show Comments

Extras

Top Quizzes Today


Score Distribution

Your Account Isn't Verified!

In order to create a playlist on Sporcle, you need to verify the email address you used during registration. Go to your Sporcle Settings to finish the process.

Report this User

Report this user for behavior that violates our Community Guidelines.

Details: